000 00702nam a2200205 i 4500
001 83282
003 ES-MaACL
005 20230906174814.0
007 t|
008 041116s1970 sp ||||1| eng d
111 2 _aInternational Symposium on Rock Mechanics (
_d1968.
_cMadrid)
_9764
245 1 0 _aProceedings of the International Symposium on Rock Mechanics.
250 _a[1ª ed.].
260 _aMadrid :
_bBlume,
_c[1970]
300 _aXX, 422 p. :
_bil. ;
_c31 cm.
490 1 _aPublicación de la Sociedad Española de Mecánica de Rocas
830 0 _aPublicación de la Sociedad Española de Mecánica de Rocas
_9231617
852 _aES-MaACL
_jC-42176
_bR.72970
999 _c83282
_d83282